| 000 | 00000nam##2200000za#4500 |
| 001 | 9.615849 |
| 003 | CaOODSP |
| 005 | 20210929082757 |
| 007 | ta |
| 008 | 150406|2002||||xxc||||| f|0| 0 eng|d |
| 020 | |a0-662-31475-1 |
| 022 | |a1209-6571 |
| 040 | |aCaOODSP|beng |
| 043 | |an-cn--- |
| 086 | 1 |aFo29-47/29-2002E |
| 110 | 1 |aCanada. |bNatural Resources Canada. |bCanadian Forest Service. |
| 245 | 10|aEffects of silvicultural systems and vegetation control on tree growth in a coastal montane ecosystem : |bseven year results / |cby John P. Senyk. |
| 260 | |aVictoria - British Columbia : |bNatural Resources Canada. |c2002. |
| 300 | |a4p. : |bgraphs, illus., references, tables ; |c28 cm. |
| 490 | 1 |aTechnology transfer note|x1209-6571|v29 |
| 563 | |aPamphlet |
| 590 | |a02-09|b2002-03-01 |
| 690 | 07|aForest management|2gcpds |
| 690 | 07|aEcosystems|2gcpds |
| 690 | 07|aCoastlands|2gcpds |
| 720 | 1 |aSenyk, John P. |
| 776 | 0#|tEffects of silvicultural systems and vegetation control on tree growth in a coastal montane ecosystem : |w(CaOODSP)9.572385 |
| 830 | #0|aTechnology transfer note,|x1209-6571|v29|w(CaOODSP)9.514646 |